000 00387nam a2200157Ia 4500
008 150509s9999 xx 000 0 und d
082 _a346.07 ABB
100 _aAbbott, KeithPendlebury, Norman
245 _aBusiness Law
260 _aLondon:
260 _bDP Publications
260 _c1996
300 _axv, 480p. :ill. ;24cm
500 _aIncludes index
650 _aBusiness law
999 _c21306
_d21306